000 00824nam a2200205 a 4500
008 081104s1999 ||||||||||||||||| || u
020 _a0821344684
050 _aIBRD(08)TP
100 _aBlackden, Mark C
245 1 0 _aGender, growth, and poverty reduction: special program of assistance for Africa, 1998 status report on poverty in Sub-Saharan Africa
260 _aWashington, D.C.
_bWorld Bank
_c1999
300 _axxi, 112p.:ill.
350 _a0.00
490 _aWorld Bank Technical Papers
650 _aWOMEN--AFRICA, SUB-SAHARAN--ECONOMIC CONDITIONS
650 _aPOVERTY--AFRICA, SUB-SAHARAN
700 _aBhanu, Chitra
710 _aWorld Bank
995 _D0.00
_FCBU-MAIN LIBRARY (Kitwe)
_H1
_I0.00
_M428
_UAVAILABLE
_WNov 4, 2008
_ZInternational Publications
999 _c44355
_d44355